00641 2200205 4500001002100000005001500021035002000036245014100056250002700197300002600224264004700250336002200297337002000319338002700339082001100366084001700377020002200394600001000416990000900426INLIS00000000000207320260105082349 a0010-01260000021 aMuhammad sebagai pedagang :bAkhirnya terbongkar juga pelajaran-pelajaran tersembunyi dari sang khalifah /cIppho Santosa & Tim Khalifah aCetakan ke-17:Mei 2015 a110 hlm :b- ;c17 cm aJakarta :bPT Elex Media Komputindo,c2008 2rdacontentaAgama 2rdamediaafisik 2rdacarrierahard cover a297.63 a297.63 IPP m a978-602-02-4461-7 4aagama a6323